000 00614nam a2200205Ia 4500
005 20250923144618.0
008 008 250917s9999 xx 000 0 eng d
037 _aTextual
040 _aDSWL
_beng
_cDSWL
041 _aeng
_2eng
084 _aY1xM89, J6
_qDSWL
100 _aSorokin, P.A.
_9826616
245 0 _aFads and foibles in modern, sociology and related sciences
_cby P.A. Sorokin
260 _aLondon
_b May & Couries Publishing Co. Ltd.
_c1958
300 _aviii,357p.
365 _aINR
_b50
925 _g50
942 _cTEXL
_hY1xM89, J6
999 _c1441154
_d1441154